Normal view
MARC view
- Ayaz, Khushboo
Entry Personal Name
001 - CONTROL NUMBER
- control field: 130627
003 - CONTROL NUMBER IDENTIFIER
- control field: NUST
005 - DATE AND TIME OF LATEST TRANSACTION
- control field: 20250923122219.0
008 - FIXED-LENGTH DATA ELEMENTS
- fixed length control field: 250923|| aca||aabn | a|a d
040 ## - CATALOGING SOURCE
- Original cataloging agency: NUST
- Transcribing agency: NUST
100 ## - HEADING--PERSONAL NAME
- Personal name: Ayaz, Khushboo
670 ## - SOURCE DATA FOUND
- Source citation: Work cat.: (NUST): Ayaz, Khushboo, Impact Evaluation of Drawback of Local Taxes and Levies (DLTL), Export Facilitation Scheme: Evidence from Pakistan/
